000
00363nam a2200169Ia 4500
003
0STCL
008
150530s9999 xx 000 0 und d
040
_a
STCL
_c
STCL
100
_a
Le joly, E; Ed
245
_a
Jesus christ the life
250
_a
Second
260
_c
1955
546
_a
English
942
_2
ddc
_c
BK
999
_c
4885
_d
4885
005
20220125165403.0